| 000 | 00681nam a2200217 i 4500 | ||
|---|---|---|---|
| 001 | 14131 | ||
| 003 | ES-MaACL | ||
| 005 | 20230906150730.0 | ||
| 007 | t| | ||
| 008 | 981006s1998 sp ||||1| spa d | ||
| 020 | _a84-86217-94-6 | ||
| 080 | _a821.134.2-4"19" | ||
| 100 | 1 |
_aLópez de Quintana, Alvaro. _973582 |
|
| 245 | 1 | 0 |
_aMemorias de un seductor sin gancho _b: ensayos de amor sin conclusiones / _cAlvaro López de Quintana. |
| 260 |
_aMadrid : _bJulia García Verdugo, _c[1998] |
||
| 300 |
_a84 p. ; _c21 cm. |
||
| 490 | 1 |
_aEl ojo de la avispa ; _v3 |
|
| 830 | 0 |
_aEl ojo de la avispa ; _v3 _9179722 |
|
| 852 |
_aES-MaACL _jL-21407 _bR.126775 |
||
| 999 |
_c14131 _d14131 |
||